00834 2200301 4500001002100000005001500021035002000036007000300056040001700059100003700076245006100113250001200174300003400186020002200220041000800242082001100250084001700261090002100278264003900299336002100338337003000359338002300389850001000412008004100422650002500463700002800488990001600516INLIS00000000000513020260515103216 a0010-0222000220ta aSBPUPADbInd0 aIbn Qayyim Al-JauziahePengarang1 aRasulullah Dokterku Penyembuhan Penyakit Cara Rasulullah a.-Cet 1 a472 hal. :bIlus ;c20x13,5cm a978-602-98045-5-31 aInd a297.14 a297.14 ALJ r a297.14 ALJ r 2 3 a.--Yogyakarta :bMitra Buku,c2012 2rdacontentaTeks 2rdamediaaTanpa Perantara 2rdacarrieraVolume aPUPAD260515 0  4aPenyambuhan Penyakit0 aDarul IshaatePengarang a1336/B/2013